Statistiken für Megastädte auf einer Weltkarte

Klicken Sie hier um das Quiz zu spielen!

Allgemein

  • Dieses Quiz wurde 2,936 mal gespielt
  • Das Durchschnittsergebnis liegt bei 24 aus 36

Antwortstatistiken

Bevölkerung Land Agglomeration % Korrekt
14,500,000Vereinigtes KönigreichLondon
99%
22,200,000Vereinigte StaatenNew York City
99%
17,100,000RusslandMoskau
98%
11,300,000FrankreichParis
98%
22,300,000MexikoMexiko-Stadt
96%
39,800,000JapanTokio
95%
14,600,000TürkeiIstanbul
94%
17,700,000Vereinigte StaatenLos Angeles
94%
17,100,000ÄgyptenKairo
91%
20,700,000ChinaPeking
90%
12,700,000BrasilienRio de Janeiro
90%
27,200,000IndienDelhi
86%
24,800,000SüdkoreaSeoul
81%
16,000,000ArgentinienBuenos Aires
80%
13,100,000SüdafrikaJohannesburg
79%
31,100,000ChinaShanghai
76%
23,600,000IndienMumbai
74%
21,900,000BrasilienSão Paulo
73%
10,100,000PeruLima
72%
14,100,000IranTeheran
71%
17,400,000ThailandBangkok
70%
28,900,000IndonesienJakarta
70%
24,100,000PhilippinenManila
62%
17,800,000JapanOsaka
52%
17,600,000NigeriaLagos
49%
16,200,000IndienKolkata
46%
10,900,000DR KongoKinshasa
42%
17,900,000BangladeschDhaka
40%
48,600,000ChinaGuangzhou
36%
25,100,000PakistanKaratschi
31%
10,800,000IndienBengaluru
27%
10,300,000IndienChennai
24%
10,500,000PakistanLahore
23%
10,500,000JapanNagoya
18%
11,800,000ChinaTianjin
16%
10,100,000ChinaXiamen
12%

Verteilung der Resultate

Perzentil nach korrekt beantworteten Fragen

Anzahl Personen mit jedem Resultat

Ihre Resultats-Entwicklung

Sie haben dieses Quiz noch nicht gespielt